000 00583nam a2200181Ia 4500
003 GCL
008 140319s9999 xx 000 0 ara d
040 _aGCL /
_cGCL
082 0 4 _a791.43
_bهـ س
100 1 _aهاشم النحاس
245 1 0 _aصلاح ابو سيف /
_cهاشم النحاس
260 _aالقاهرة :
_bالهيئة المصرية العامة للكتاب ،
_c1996
300 _a269 ص ؛
_c24 سم
650 0 4 _aالسينمائيون المصريون
650 0 4 _aصلاح ابو سيف
650 0 4 _aالسينما - تراجم
942 _2ddc
_cBK
999 _c1620
_d1620